[Event "Yerevan ol (Men)"]
[Site "Yerevan"]
[Date "1996.??.??"]
[Round "5"]
[White "Pacheco Asmat, Jorge"]
[Black "Sokolov, Ivan"]
[Result "1/2-1/2"]
[WhiteElo "2385"]
[BlackElo "2670"]

1.d4 g6 2.c4 Bg7 3.e4 d6 4.Nc3 e5 5.Nf3 exd4 6.Nxd4 Ne7 7.Be3 Nbc6 8.Be2 O-O
9.O-O f5 10.exf5 Bxd4 11.Bxd4 Nxf5 12.Be3 Nxe3 13.fxe3 Rxf1+ 14.Qxf1 Be6
15.Qf4 Qe7 16.Rf1 Kg7 17.h4 Re8 18.Rf2 Bg8 19.Ne4 Rf8 20.Qxf8+ Qxf8 21.Rxf8 Kxf8
22.Nf6 Ne5 23.b3 h6 24.Ng4 Nxg4 25.Bxg4 Ke7 26.Kf2 Kf6 27.Bf3 b6 28.Ke2 Ke5
29.Kd3 Be6 30.g3 Bf5+ 31.e4 Bd7 32.Ke3 a5 33.Bd1 Bh3 34.Bf3 a4 35.Kd3 g5
36.hxg5 hxg5 37.bxa4 Bf1+ 38.Kc3 c5 39.a3 Bh3 40.Kd3 Bd7 41.a5 bxa5 42.Ke3 Bh3
43.Be2 Be6 44.Bf1 Bg4 45.Bd3 Bd1 46.Bf1 Bc2 47.Bd3 Bb3 48.Be2 Ba4  1/2-1/2

[Event "Yerevan ol (Men)"]
[Site "Yerevan"]
[Date "1996.??.??"]
[Round "6"]
[White "Nogueiras, Jesus"]
[Black "Sokolov, Ivan"]
[Result "1/2-1/2"]
[WhiteElo "2535"]
[BlackElo "2670"]

1.d4 d5 2.c4 c6 3.e3 Bf5 4.Qb3 Qc7 5.cxd5 cxd5 6.Bb5+ Nd7 7.Nc3 e6 8.Bd2 Ne7
9.Rc1 Nc6 10.Na4 Rc8 11.Ne2 Be7 12.O-O O-O 13.Nf4 Ndb8 14.Bd3 Bxd3 15.Nxd3 Bd6
16.g3 Qe7 17.Nc3 a6 18.Na4 Rc7 19.Rc2  1/2-1/2

[Event "Yerevan ol (Men)"]
[Site "Yerevan"]
[Date "1996.??.??"]
[Round "12"]
[White "Akopian, Vladimir"]
[Black "Sokolov, Ivan"]
[Result "1/2-1/2"]
[WhiteElo "2630"]
[BlackElo "2670"]

1.Nf3 Nf6 2.g3 d5 3.Bg2 g6 4.O-O Bg7 5.d4 O-O 6.c4 dxc4 7.Na3 Na6 8.Nxc4 c5
9.dxc5 Nxc5 10.Be3 Nce4  1/2-1/2

[Event "NLD-chT f (Panfox-HSG)"]
[Site "Breda"]
[Date "1997.??.??"]
[Round "2"]
[White "Ljubojevic, Ljubomir"]
[Black "Sokolov, Ivan"]
[Result "0-1"]
[WhiteElo "2570"]
[BlackElo "2615"]

1.d4 d5 2.c4 c6 3.Nf3 Nf6 4.Nc3 e6 5.Bg5 h6 6.Bxf6 Qxf6 7.e3 Nd7 8.Be2 dxc4
9.Bxc4 Bd6 10.O-O Qe7 11.Qd3 O-O 12.Rad1 Rd8 13.Bb3 Bc7 14.Bc2 Nf8 15.Qe2 c5
16.Qc4 cxd4 17.exd4 Ba5 18.Be4 Qc7 19.Ne5 Qxc4 20.Nxc4 Bb4 21.a3 Be7 22.d5 Rb8
23.Rfe1 Bf6 24.dxe6 Bxe6 25.Nd5 Bxd5 26.Bxd5 Rd7 27.b3 Rbd8 28.Bf3 Ne6 29.Rxd7 Rxd7
30.Kf1 Nd4 31.Re8+ Kh7 32.Be4+ g6 33.Rb8 b6 34.Rb7 Rxb7 35.Bxb7 Nxb3 36.Bd5 b5
37.Nd6 Nd4 38.Bxf7 Be7 39.Nc8 Bc5 40.Be8 a6 41.a4 b4 42.Bf7 b3 43.Bc4 b2
44.Bd3 Nc6 45.Ke2 Ne5 46.Bc2 Nc4 47.Kd3 Na3 48.f3 Kg7 49.Kc3 b1=Q 50.Bxb1 Nxb1+
51.Kc4 Bg1 52.h3 Kf6 53.Nd6 Nd2+ 54.Kd5 Ke7 55.Kc6 Ke6 56.Nb7 Nc4 57.Nc5+ Bxc5
58.Kxc5 Nb2 59.a5 Nd3+ 60.Kb6 Nb4 61.Kc5 Nd5 62.h4 h5 63.g3 Ke5 64.Kc6 Ne3
65.Kb6 Nc4+ 66.Kxa6 Kd4 67.g4 Ke3 68.gxh5 gxh5 69.Kb5 Nxa5 70.Kxa5 Kxf3  0-1

[Event "Koge op"]
[Site "Koge"]
[Date "1997.??.??"]
[Round "1"]
[White "Nielsen, Niels Peter"]
[Black "Sokolov, Ivan"]
[Result "1/2-1/2"]
[WhiteElo "2170"]
[BlackElo "2635"]

1.e4 c5 2.d4 cxd4 3.c3 dxc3 4.Nxc3 e6 5.Bc4 d6 6.Nf3 Be7 7.O-O Nf6 8.Qe2 O-O
9.Rd1 Ne8 10.Bf4 Bd7 11.Nb5 e5 12.Be3 Nc6 13.Rac1 Kh8 14.Bd5 Nb4 15.Bb3 Nc6
16.Bd5 f5 17.exf5 Rxf5 18.a3 a6 19.Nc3 Nf6 20.Ba2 Ng4 21.Nd5 Nxe3 22.Qxe3 Rf8
23.Nb6 Rxf3 24.gxf3 Bg5 25.Qb3 Bxc1 26.Nxa8 Qxa8 27.Qf7 Bxb2 28.Qxd7 Bxa3
29.Rb1 Bb4 30.Bd5 a5 31.Rc1 Bc5 32.f4 Qf8 33.Rxc5 dxc5 34.Bxc6 bxc6 35.fxe5 g6
36.e6 Qf5 37.Qd8+ Kg7 38.e7 Qg4+ 39.Kf1 Qc4+ 40.Ke1 Qc1+ 41.Ke2 Qc2+ 42.Ke3 Qc1+
43.Ke4 Qe1+ 44.Kf3  1/2-1/2

[Event "Koge op"]
[Site "Koge"]
[Date "1997.??.??"]
[Round "3"]
[White "Bekker Jensen, Simon"]
[Black "Sokolov, Ivan"]
[Result "0-1"]
[WhiteElo "2305"]
[BlackElo "2635"]

1.d4 Nf6 2.c4 g6 3.Nc3 d5 4.Nf3 Bg7 5.Qb3 dxc4 6.Qxc4 O-O 7.e4 a6 8.Qb3 b5
9.e5 Nfd7 10.Be2 c5 11.e6 fxe6 12.Qxe6+ Kh8 13.Qe4 cxd4 14.Nxd4 Nc5 15.Qxa8 Bxd4
16.Bf4 Rxf4 17.O-O-O Bb7 18.Qa7 Nc6 19.Qxc5 Bxc5 20.Rxd8+ Nxd8  0-1

[Event "Koge op"]
[Site "Koge"]
[Date "1997.??.??"]
[Round "8"]
[White "Sorensen, Torben"]
[Black "Sokolov, Ivan"]
[Result "0-1"]
[WhiteElo "2300"]
[BlackElo "2635"]

1.e4 c5 2.d4 cxd4 3.c3 dxc3 4.Nxc3 e6 5.Nf3 Nc6 6.Bc4 a6 7.O-O Nge7 8.Bg5 f6
9.Be3 b5 10.Bb3 Ng6 11.Nd4 Bb7 12.Qh5 Nxd4 13.Bxd4 Rc8 14.Ne2 Bxe4 15.f4 f5
16.Ng3 Qh4 17.Qe2 Nxf4 18.Qd2 Nd3 19.Qe3 Bd6 20.Rad1 Bf4 21.Rxf4 Nxf4 22.Bxg7 Rg8
23.Qd4 Qe7 24.Be5 Rxg3  0-1

[Event "Leeuwarden op"]
[Site "Leeuwarden"]
[Date "1997.??.??"]
[Round "3"]
[White "Sokolov, Ivan"]
[Black "Ulibin, Mikhail"]
[Result "1-0"]
[WhiteElo "2635"]
[BlackElo "2535"]

1.d4 e6 2.c4 f5 3.g3 Nf6 4.Bg2 c6 5.Nh3 Be7 6.O-O d6 7.b3 O-O 8.Bb2 Qc7 9.Nc3 e5
10.Rc1 Ng4 11.e3 Nd7 12.Qd2 Ndf6 13.f3 Nh6 14.Nf2 Nf7 15.e4 f4 16.gxf4 Nh5
17.Ne2 Nxf4 18.Nxf4 exf4 19.Nd3 Nh8 20.Kh1 Ng6 21.Rg1 c5 22.Qf2 Bh4 23.Qf1 Bf6
24.Bh3 Bxd4 25.Bxd4 cxd4 26.Rd1 a5 27.Bxc8 Raxc8 28.Ne1 Ne5 29.Nc2 d3 30.Ne1 Rf6
31.Nxd3 Nxd3 32.Rxd3 b6 33.Rd5 h6 34.Qd3 Re8 35.Rd1 Ree6 36.Qd4 Rg6 37.Rf5 Re5
38.Rxf4 Reg5 39.Rf5 Rxf5 40.exf5 Rf6 41.Qd5+ Kh7 42.Re1 Qc5 43.Qxc5 bxc5
44.Rd1 Rxf5 45.Rxd6 a4 46.Kg2 Re5 47.bxa4 Re2+ 48.Kg3 Rc2 49.Rd3 Rxa2 50.Rd5 Rxa4
51.Rxc5 Kg6 52.Kf4 Kf6 53.h4 Ke6 54.Ke4 Kd6 55.Kd4 Ra1 56.Rd5+ Kc6 57.Re5 Rd1+
58.Ke4 Rc1 59.Kd3 Rd1+ 60.Ke3 Rc1 61.Re4 Kc5 62.Kf4 Rg1 63.Kf5 Rg3 64.Rg4 Rxf3+
65.Kg6 Ra3 66.Kxg7 h5 67.Rf4 Ra6 68.Rf6 Ra7+ 69.Kg6 Kxc4 70.Kxh5 Kd5 71.Kg6 Ke5
72.h5 Ra8 73.h6 Rg8+ 74.Kf7 Rh8 75.Kg7  1-0

[Event "New York op"]
[Site "New York"]
[Date "1997.??.??"]
[Round "?"]
[White "Sokolov, Ivan"]
[Black "Atalik, Suat"]
[Result "1/2-1/2"]
[WhiteElo "2615"]
[BlackElo "2555"]

1.d4 Nf6 2.c4 g6 3.Nc3 d5 4.cxd5 Nxd5 5.Bd2 Bg7 6.e4 Nb6 7.Be3 O-O 8.Nf3 Bg4
9.Be2 Nc6 10.d5 Bxf3 11.gxf3 Na5 12.Bd4 c5 13.Bxg7 Kxg7 14.Qc2 e5 15.Nd1 Nd7
16.Ne3 c4 17.h4 b5 18.h5 Nb7 19.O-O-O Nd6 20.Rdg1 g5 21.Qd2 Kh8 22.Kb1 f6
23.Ng4 a5 24.Nh6 Qe7 25.Bf1 b4 26.Bh3 c3 27.bxc3 bxc3 28.Qxc3 Nb5 29.Qd2 Nd4
30.Nf5 Nxf5 31.Bxf5 Nc5 32.Rc1 a4 33.d6 Qa7 34.Rc3 Rab8+ 35.Kc2 Qb6 36.Rc1 Rfd8
37.d7 Nxd7 38.Bxd7 Qb2+ 39.Kd1 Qxd2+ 40.Kxd2 Rxd7+ 41.Ke3 Kg7 42.Rc7  1/2-1/2

[Event "New York op"]
[Site "New York"]
[Date "1997.??.??"]
[Round "?"]
[White "Blatny, Pavel"]
[Black "Sokolov, Ivan"]
[Result "0-1"]
[WhiteElo "2540"]
[BlackElo "2615"]

1.Nf3 d5 2.b3 Nf6 3.Bb2 Bg4 4.e3 e6 5.Be2 Nbd7 6.d3 Bd6 7.Nbd2 c6 8.Nh4 Bxe2
9.Qxe2 O-O 10.g3 Re8 11.O-O Qa5 12.a3 Rad8 13.e4 e5 14.Kh1 Qa6 15.f3 Bf8
16.Rae1 g6 17.Qg2 Bg7 18.g4 Nf8 19.f4 exf4 20.Rxf4 Nxe4 21.Bxg7 Nxd2 22.Rxe8 Rxe8
23.Qxd2 Ne6 24.Bf6 Nxf4 25.Qxf4 c5 26.Nf3 d4 27.Kg1 Qe6 28.Ne5 h6 29.h4 Kh7
30.Kf2 b5 31.Kg3 a5 32.g5 h5 33.Qf3 Kg8 34.Qc6 Qxc6 35.Nxc6 Ra8 36.Kf4 Ra6
37.Nb8 Re6 38.Be5 a4 39.bxa4 bxa4 40.Nd7 Rc6 41.Nf6+  0-1

[Event "New York op"]
[Site "New York"]
[Date "1997.??.??"]
[Round "?"]
[White "Dlugy, Maxim"]
[Black "Sokolov, Ivan"]
[Result "1/2-1/2"]
[WhiteElo "2530"]
[BlackElo "2615"]

1.d4 Nf6 2.Nf3 c5 3.d5 b5 4.Bg5 d6 5.Bxf6 exf6 6.e4 Qb6 7.Nbd2 Nd7 8.a4 b4
9.Nc4 Qc7 10.Nfd2 Be7 11.Be2 O-O 12.O-O Re8 13.c3 Rb8 14.Re1 Bf8 15.Qc2 g6
16.Ne3 Bh6 17.Bb5 a6 18.Bf1  1/2-1/2

[Event "EU-chT (Men)"]
[Site "Pula"]
[Date "1997.??.??"]
[Round "5"]
[White "Stohl, Igor"]
[Black "Sokolov, Ivan"]
[Result "1/2-1/2"]
[WhiteElo "2580"]
[BlackElo "2615"]

1.Nf3 d5 2.d4 c6 3.c3 Nf6 4.Bf4 Bf5 5.e3 e6 6.Nbd2 Be7 7.h3 O-O 8.Be2 h6
9.O-O c5 10.c4 Nc6 11.Nb3 cxd4 12.Nbxd4 Be4 13.cxd5 Nxd4 14.Qxd4 Bxd5 15.Rfc1 Qa5
16.Bc7 Qb4 17.Qxb4 Bxb4 18.a3 Be7 19.Be5 Rfc8 20.Bd4 Nd7 21.Nd2 Bf6 22.Bxf6 Nxf6
23.Bf3 Kf8 24.Kf1 Ke7 25.Ke2 Bxf3+ 26.Nxf3 Ne4 27.Nd2 Nd6 28.Kd1 e5 29.e4 Kd7
30.Rxc8 Rxc8 31.Rc1 Rxc1+ 32.Kxc1 Kc6 33.Kc2 Kc5 34.Kc3 a5 35.f3 a4 36.h4 f5
37.exf5 Nxf5 38.h5 Ng3 39.Ne4+ Nxe4+ 40.fxe4 Kb5  1/2-1/2

[Event "EU-chT (Men)"]
[Site "Pula"]
[Date "1997.??.??"]
[Round "6"]
[White "Giorgadze, Giorgi"]
[Black "Sokolov, Ivan"]
[Result "1/2-1/2"]
[WhiteElo "2595"]
[BlackElo "2615"]

1.e4 c5 2.Nc3 e6 3.f4 d5 4.Bb5+ Bd7 5.Bxd7+ Qxd7 6.d3 Nc6 7.Nf3 Nge7 8.O-O g6
9.Ne2 Bg7 10.c3 O-O 11.Be3 d4 12.cxd4 cxd4 13.Bd2 a5 14.a4 Rfb8 15.Qb3 b5
16.axb5 Qb7 17.Ra4 Qxb5 18.Qxb5 Rxb5 19.Rb1 Rab8 20.Nexd4 Rxb2 21.Rxb2 Rxb2
22.Nxc6 Nxc6 23.Bxa5 Rb3 24.d4 Nxa5 25.Rxa5 Bh6 26.f5 exf5 27.exf5 Kg7 28.Kf2 Rb2+
29.Kg3 Be3 30.Ra3 Re2 31.fxg6 hxg6 32.h4 Bf2+ 33.Kh3 Re4 34.Rd3 f5 35.d5 Kf8
36.g3 Ke7 37.Nd2 Re2 38.d6+ Kd7 39.Nf3 Bc5 40.h5 gxh5 41.Kh4 Bxd6 42.Kxh5 Rg2
43.Nh4 Rxg3  1/2-1/2

[Event "Nordic Grand Prix"]
[Site "Torshavn"]
[Date "1997.??.??"]
[Round "1"]
[White "Sokolov, Ivan"]
[Black "Fries Nielsen, Niels Jorgen"]
[Result "1-0"]
[WhiteElo "2615"]
[BlackElo "2405"]

1.d4 Nf6 2.c4 c5 3.d5 b5 4.cxb5 a6 5.b6 d6 6.Nc3 Nbd7 7.a4 a5 8.e4 g6 9.Bb5 Bg7
10.Nf3 O-O 11.O-O Ba6 12.b7 Bxb7 13.Re1 Ne8 14.Bf4 Nc7 15.Bxd7 Qxd7 16.Qd2 Rfd8
17.Rad1 Qe8 18.Bh6 Bh8 19.h4 Bc8 20.h5 Bg4 21.hxg6 fxg6 22.Re3 Rab8 23.Rde1 Rb4
24.e5 dxe5 25.Nxe5 Bf5 26.Nc6 Qxc6 27.dxc6 Rxd2 28.Rxe7 Rdxb2 29.Rxc7 Rb8
30.Nb5 c4 31.Rb7 Rc8 32.Nd6 Rxb7 33.Nxc8 Rc7 34.Nd6  1-0

[Event "Nordic Grand Prix"]
[Site "Torshavn"]
[Date "1997.??.??"]
[Round "2"]
[White "Tisdall, Jonathan D"]
[Black "Sokolov, Ivan"]
[Result "0-1"]
[WhiteElo "2490"]
[BlackElo "2615"]

1.Nf3 Nf6 2.c4 c6 3.Nc3 d5 4.d4 e6 5.Bg5 h6 6.Bxf6 Qxf6 7.g3 Nd7 8.Bg2 dxc4
9.O-O Be7 10.Ne4 Qf5 11.Nfd2 Nb6 12.f4 O-O 13.Qc2 Rd8 14.e3 c5 15.dxc5 Bxc5
16.Nxc4 Nxc4 17.Qxc4 Bxe3+ 18.Kh1 Rd4 19.Qc7 Rxe4 20.Qd8+ Kh7 21.Qd3 Rb4
22.Qxe3 Bd7 23.Rad1 Qb5 24.Rf2 Rc8 25.Qxa7 Bc6 26.b3 Bxg2+ 27.Kxg2 Rc3 28.Rfd2 Re4
29.Qf2 Rce3 30.Kg1 Qh5 31.Rd3 Re2  0-1

[Event "VISA GP"]
[Site "Reykjavik"]
[Date "1998.03.10"]
[Round "1"]
[White "Sokolov, Ivan"]
[Black "Richardson, John R"]
[Result "1-0"]
[WhiteElo "2625"]
[BlackElo "2315"]

1.d4 Nf6 2.c4 e6 3.Nc3 Bb4 4.e3 c5 5.Ne2 cxd4 6.exd4 O-O 7.a3 Be7 8.Nf4 d5
9.cxd5 Nxd5 10.Ncxd5 exd5 11.Bd3 Bf6 12.O-O Nc6 13.Be3 g6 14.Rc1 Bg7 15.Rc5 Ne7
16.Qb3 b6 17.Rc3 Bf5 18.Ba6 Qd6 19.Rfc1 Be6 20.Ne2 Nf5 21.Bf4 Qe7 22.Rc7 Qh4
23.g3 Qg4 24.Qd3 Nh4 25.Qd1 Rfe8 26.Nc3 Nf3+ 27.Qxf3 Qxf3 28.Be2 Qxf4 29.gxf4 Bh6
30.Bb5 Bxf4 31.Bxe8 Rxe8 32.Nd1 Bxc1 33.Rxc1 Bg4 34.Ne3 Bf3 35.Rc3 Kg7 36.h3 Kf6
37.Kh2 Ke6 38.Rc6+ Ke7 39.Kg3 Be4 40.Rc7+ Kf6 41.Rxa7 h5 42.Rb7 Re6 43.f3 h4+
44.Kg2 Bf5 45.Rxb6  1-0

[Event "VISA GP"]
[Site "Reykjavik"]
[Date "1998.03.12"]
[Round "3"]
[White "Sokolov, Ivan"]
[Black "Thorhallsson, Throstur"]
[Result "0-1"]
[WhiteElo "2625"]
[BlackElo "2480"]

1.c4 e6 2.d4 d5 3.Nf3 Nf6 4.Nc3 c6 5.Bg5 h6 6.Bh4 dxc4 7.e4 g5 8.Bg3 b5 9.h4 g4
10.Ne5 Bb4 11.f3 Nh5 12.Bf2 Qa5 13.Qd2 g3 14.Be3 f6 15.Ng4 f5 16.Ne5 f4 17.Bg1 Bb7
18.Rc1 Rg8 19.a3 Bd6 20.Ng4 Nd7 21.Qc2 O-O-O 22.Nxh6 Rg7 23.Be2 c5 24.d5 exd5
25.Nf5 Rg6 26.e5 Nxe5 27.Nxd6+ Rdxd6 28.Bxc5 Rde6 29.Kf1 d4 30.Bxd4 Nxf3
31.Bxf3 Bxf3 32.Qf5 a6 33.a4 Qd8 34.Qc5+ Rc6 35.Qf5+ Rce6 36.Qc5+ Rc6 37.Qf5+ Rge6
38.gxf3 Qxd4 39.Rc2 b4 40.Nd5 b3 41.Ne7+ Kb7 42.Nxc6 g2+ 43.Kxg2 Qg7+ 44.Qg5 Rg6
45.Nd8+ Ka8 46.Ne6 Qg8 47.Re2 Rxg5+ 48.hxg5 Ng3 49.g6 Nxe2 50.g7 Qxe6 51.Rh6 Qf7
52.Rh8+ Kb7 53.g8=Q Qxg8+ 54.Rxg8 c3 55.Rg7+ Kc6  0-1

[Event "VISA GP"]
[Site "Reykjavik"]
[Date "1998.03.14"]
[Round "5"]
[White "Sokolov, Ivan"]
[Black "Conquest, Stuart"]
[Result "1-0"]
[WhiteElo "2625"]
[BlackElo "2480"]

1.d4 d6 2.Nf3 f5 3.Nc3 Nf6 4.Bg5 c6 5.e3 Qb6 6.Rb1 g6 7.Bxf6 exf6 8.h4 d5
9.h5 g5 10.Bd3 Bd6 11.Ne2 Be6 12.c3 Qc7 13.Qc2 Qd7 14.Ng3 Bxg3 15.fxg3 O-O
16.O-O Qe8 17.Rbe1 Nd7 18.Bxf5 Bxf5 19.Qxf5 Nb6 20.e4 Qxh5 21.exd5 Nxd5 22.c4 Nb6
23.Re7 Qg6 24.Qe6+ Kh8 25.Rxb7 Rae8 26.Qxc6 Qd3 27.b3 Nc8 28.Qc7 Rg8 29.Qf7 Ref8
30.Qe6 g4 31.Nh4 Qxg3 32.Nf5  1-0

[Event "Elista ol (Men)"]
[Site "Elista"]
[Date "1998.10.01"]
[Round "3"]
[White "Thipsay, Praveen Mahadeo"]
[Black "Sokolov, Ivan"]
[Result "1/2-1/2"]
[WhiteElo "2450"]
[BlackElo "2620"]

1.e4 e5 2.Nf3 Nc6 3.Bb5 Nf6 4.O-O Nxe4 5.d4 Nd6 6.Bxc6 dxc6 7.dxe5 Nf5 8.Qxd8+ Kxd8
9.Rd1+ Ke8 10.Nc3 a5 11.Ne2 Bc5 12.Nf4 Ne7 13.Be3 Bxe3 14.fxe3 Bf5 15.Nd4 Rd8
16.e6 f6 17.c3 Bg4 18.Re1 a4 19.h3 Bf5 20.e4 Bg6 21.Rad1 Nc8 22.Nf5 Bxf5
23.exf5 Ke7 24.g4 Rd6 25.Kf2 Rg8 26.Nh5 g6 27.Ng3 Rxd1 28.Rxd1 Nd6 29.Rd4 b5
30.Ne4 gxf5 31.Nxd6 cxd6 32.gxf5 Rg5 33.Rf4 d5 34.h4 Rg8 35.b3 axb3 36.axb3 Kd6
37.b4 Ke5 38.Rf3 h5 39.Rg3 Re8 40.Rf3 Ke4 41.Ke2  1/2-1/2

[Event "NLD-chT sf"]
[Site "Breda"]
[Date "1998.??.??"]
[Round "?"]
[White "Sokolov, Ivan"]
[Black "Baljon, Christofoor"]
[Result "1-0"]
[WhiteElo "2625"]
[BlackElo "2295"]

1.d4 Nf6 2.c4 g6 3.Nc3 Bg7 4.e4 O-O 5.Bg5 c6 6.Bd3 d5 7.cxd5 cxd5 8.e5 Ng4
9.Be2 f6 10.Bxg4 fxg5 11.Bxc8 Qxc8 12.Nxd5 Nc6 13.Ne3 Qd7 14.Ne2 Kh8 15.O-O Rad8
16.Nc2 Qf5 17.f4 gxf4 18.Rxf4 Qg5 19.Rxf8+ Bxf8 20.Qe1 Qf5 21.Qc3 Qe4 22.Re1 Bh6
23.Kh1 e6 24.Ng1 Qf5 25.Nf3 g5 26.Nd2 Nxd4 27.Nxd4 Qf2 28.N2b3 g4 29.Qg3 Qxb2
30.Qh4  1-0

[Event "Hoogovens 5'"]
[Site "Wijk aan Zee"]
[Date "1999.01.18"]
[Round "3"]
[White "Sokolov, Ivan"]
[Black "Van Wely, Loek"]
[Result "0-1"]
[WhiteElo "2610"]
[BlackElo "2636"]

1.d4 Nf6 2.c4 c5 3.d5 b5 4.Nf3 Bb7 5.Nc3 b4 6.Na4 d6 7.e4 Nbd7 8.Bd3 g6 9.O-O Bg7
10.Bf4 Ng4 11.Be2 O-O 12.h3 Nge5 13.Nd2 f5 14.exf5 Rxf5 15.Be3 g5 16.Ne4 h6
17.Ng3 Rf7 18.Nh5 Nf6 19.Nxg7 Rxg7 20.f4 gxf4 21.Bxf4 Nf7 22.Kh1 Qd7 23.Bd3 Kh8
24.b3 Rag8 25.Rf2 Nxd5 26.cxd5 Rxg2 27.Qh5 Rxf2 28.Bg6 Bxd5+ 29.Kg1 Rg2+  0-1

[Event "Hoogovens 5'"]
[Site "Wijk aan Zee"]
[Date "1999.01.18"]
[Round "9"]
[White "Reinderman, Dimitri"]
[Black "Sokolov, Ivan"]
[Result "1/2-1/2"]
[WhiteElo "2542"]
[BlackElo "2610"]

1.e4 e5 2.Nf3 Nc6 3.Bb5 Nf6 4.O-O Nxe4 5.Re1 Nd6 6.Nxe5 Be7 7.Nxc6 dxc6 8.Bf1 O-O
9.d4 Nf5 10.c3 c5 11.dxc5 Qxd1 12.Rxd1 Bxc5 13.Bf4 Bd6 14.Bxd6 Nxd6 15.Na3 Bf5
16.Nc4 Nxc4 17.Bxc4 Rfd8 18.Kf1 Kf8 19.Ke2 Re8+ 20.Kf1 Rad8 21.Rxd8 Rxd8
22.Ke2 Ke7 23.Rd1 Rxd1 24.Kxd1 f6 25.Kd2 Kd6 26.Ke3 g5 27.b4 h5 28.g3 Bg6
29.f4 c5 30.a3 b6 31.Bb5 Kd5 32.Be2 a5 33.Bf1 Bf5 34.fxg5 fxg5 35.h4 gxh4
36.gxh4 Bg4 37.Kf4 Bd1 38.Bb5 Bg4 39.Kg5 Ke4 40.Be8 Kd3 41.bxc5 bxc5 42.Bxh5 Bxh5
43.Kxh5 c4 44.Kg4 Kxc3 45.h5 Kb3 46.h6 c3 47.h7 c2 48.h8=Q c1=Q 49.Kf3 Qxa3
50.Qg8+ Kc2+ 51.Kf2 Qc5+ 52.Ke2 Qb5+ 53.Kf2 a4 54.Qg6+ Kc1 55.Qh6+ Kb1 56.Qg6+ Ka1
57.Qd6 Ka2 58.Ke1 a3 59.Kd2 Ka1 60.Qe7 a2 61.Qe1+ Qb1 62.Qc1 Qxc1+ 63.Kxc1  1/2-1/2

[Event "DPMM f Porz-Solingen"]
[Site "Bad Godesberg"]
[Date "1999.03.14"]
[Round "?.2"]
[White "Sokolov, Ivan"]
[Black "Gabriel, Christian"]
[Result "1/2-1/2"]
[WhiteElo "2610"]
[BlackElo "2581"]

1.d4 Nf6 2.c4 e6 3.Nc3 Bb4 4.e3 b6 5.Ne2 c5 6.a3 Ba5 7.Rb1 Na6 8.Bd2 O-O
9.Nf4 cxd4 10.exd4 Bxc3 11.Bxc3 d5 12.Nh5 Bb7 13.cxd5 Nxd5 14.Qg4 g6 15.Bd2 f5
16.Qg3 f4 17.Nxf4 Nxf4 18.Bxf4 Qxd4 19.Be3 Qe4 20.Rd1 Rad8 21.Be2 Rxd1+ 22.Bxd1 Qxg2
23.Qxg2 Bxg2 24.Rg1 Bd5 25.h4 Nc5 26.Bc2 Nd7 27.h5 Ne5 28.hxg6 hxg6 29.Kd1 Kf7
30.f4 Bf3+ 31.Kc1 Ng4 32.Bd4 Ke7 33.Bxg6 Rxf4 34.Bc3 e5 35.Re1 Ke6 36.Bh5 Rf5
37.Bxg4 Bxg4 38.Rg1 Rf4 39.Re1 Rf5 40.Rg1 Bh5 41.Rg7 Bf7 42.Kd2 Rh5 43.Ke3 Kf6
44.Rg1 Bd5 45.Rf1+ Ke7 46.Bb4+ Ke6 47.Bc3 Rh3+ 48.Kd2 Bf3 49.Rg1 Kf5 50.Rg7 Ke4
51.Rxa7 Rh2+ 52.Kc1 Rh1+ 53.Kd2 Rd1+ 54.Kc2 Rd5 55.b4 Bd1+ 56.Kc1 b5 57.Re7 Ba4  1/2-1/2

[Event "NED-chT Playoff"]
[Site "Breda"]
[Date "1999.05.14"]
[Round "2"]
[White "Sokolov, Ivan"]
[Black "Xie Jun"]
[Result "1-0"]
[WhiteElo "2624"]
[BlackElo "2532"]

1.d4 Nf6 2.c4 g6 3.Nc3 Bg7 4.e4 d6 5.f4 O-O 6.Nf3 c5 7.dxc5 Qa5 8.Bd3 Qxc5
9.Qe2 Bg4 10.Be3 Qa5 11.O-O Nc6 12.Rac1 Nd7 13.Qf2 Bxf3 14.gxf3 Nc5 15.Bb1 Na4
16.Nxa4 Qxa4 17.Rfd1 b6 18.Kh1 Rac8 19.h4 Rc7 20.h5 Nb4 21.hxg6 fxg6 22.b3 Qa5
23.Rg1 Kh8 24.Rg5 Qa3 25.Qh2 e5 26.Rcg1 Nc6 27.Rxg6 exf4 28.Bc1 Qc5 29.e5 Nxe5
30.Re6 Bf6 31.Qh6  1-0

[Event "FIDE-Wch k.o. g/25+10"]
[Site "Las Vegas"]
[Date "1999.08.05"]
[Round "2.4"]
[White "Shirov, Alexei"]
[Black "Sokolov, Ivan"]
[Result "1-0"]
[WhiteElo "2734"]
[BlackElo "2656"]

1.e4 e5 2.Nf3 Nc6 3.Bb5 Bc5 4.O-O d6 5.d4 exd4 6.Nxd4 Ne7 7.Bg5 f6 8.Be3 Bxd4
9.Qxd4 a6 10.Bxc6+ Nxc6 11.Qc4 Qe7 12.Nc3 Be6 13.Nd5 Bxd5 14.exd5 Ne5 15.Qb3 O-O
16.Rfe1 Qd7 17.f4 Ng6 18.Bd2 Qb5 19.c4 Qxb3 20.axb3 Rfe8 21.Kf2 Kf7 22.g3 Rxe1
23.Bxe1 Ke7 24.Kf3 Kd7 25.g4 Rh8 26.Bc3 h6 27.Rh1 Ne7 28.Rg1 Ke8 29.h3 Kf7
30.f5 Nc8 31.Bd4 a5 32.Bc3 b6 33.b4 axb4 34.Bxb4 Ne7 35.Ra1 h5 36.Ra7 hxg4+
37.hxg4 Rc8 38.Bc3 Ke8 39.Bd4 Kf8 40.Ke4 Kf7 41.b4 Ke8 42.Be3 Kf7 43.c5 bxc5
44.bxc5 dxc5 45.Bxc5 g6 46.d6 gxf5+ 47.gxf5 cxd6 48.Bxd6 Re8 49.Kd4 Kf8 50.Rxe7 Rxe7
51.Kd5 Kf7 52.Bxe7 Kxe7  1-0

[Event "BIH-chT"]
[Site "Bihac"]
[Date "1999.08.23"]
[Round "3"]
[White "Sokolov, Ivan"]
[Black "Leventic, Ivan"]
[Result "1-0"]
[WhiteElo "2656"]
[BlackElo "2390"]

1.d4 Nf6 2.c4 g6 3.Nc3 d5 4.cxd5 Nxd5 5.Bd2 Bg7 6.e4 Nb6 7.Be3 O-O 8.Be2 c6
9.Nf3 Bg4 10.Qd2 N8d7 11.e5 f6 12.Ng5 Bxe2 13.Ne6 Qc8 14.Qxe2 Re8 15.Nxg7 Kxg7
16.h4 h6 17.f4 Nf8 18.g4 Nd5 19.Nxd5 cxd5 20.f5 gxf5 21.g5 f4 22.gxf6+ exf6
23.Rg1+ Kf7 24.Qh5+ Ke6 25.Rg7 fxe3 26.Qg4+ f5 27.Qh5 Re7 28.Qxh6+  1-0

[Event "BIH-chT"]
[Site "Bihac"]
[Date "1999.08.26"]
[Round "6"]
[White "Sokolov, Ivan"]
[Black "Subasic, Ilijas"]
[Result "1-0"]
[WhiteElo "2656"]
[BlackElo "2275"]

1.d4 d5 2.c4 e6 3.Nc3 Nf6 4.Nf3 Be7 5.Qc2 O-O 6.Bg5 Nbd7 7.Rd1 c6 8.e3 Re8
9.a3 dxc4 10.Bxc4 Nd5 11.Ne4 Nf8 12.Bxe7 Rxe7 13.Ne5 Bd7 14.O-O Be8 15.Ba2 Rc7
16.Qe2 Qe7 17.f4 f6 18.Nd3 Kh8 19.Ng3 f5 20.e4 fxe4 21.Nxe4 Bg6 22.Ne5 Bxe4
23.Qxe4 g6 24.Rd3 Qf6 25.Bb1 Rg7 26.Rh3 Rd8 27.g4 Qe7 28.Rd3 Nd7 29.h3 Nf8
30.Kh2 Qc7 31.Rdf3 Nf6 32.Qe3 Qb6 33.f5 exf5 34.gxf5 Nd5 35.Qf2 gxf5 36.Rxf5 Ng6
37.Nf7+ Rxf7 38.Rxf7 c5 39.dxc5 Qe6 40.Qd4+ Ne5 41.Rxh7+  1-0

[Event "BIH-chT"]
[Site "Bihac"]
[Date "1999.08.27"]
[Round "7"]
[White "Kamberovic, Senad"]
[Black "Sokolov, Ivan"]
[Result "0-1"]
[WhiteElo "2315"]
[BlackElo "2656"]

1.d4 Nf6 2.Nf3 g6 3.g3 Bg7 4.Bg2 d5 5.O-O c6 6.c3 O-O 7.Bf4 a5 8.Re1 Nbd7
9.Qc1 Re8 10.Nbd2 Nh5 11.Bg5 h6 12.Be3 Kh7 13.g4 Nhf6 14.h3 Qc7 15.Nf1 h5
16.Bf4 Qd8 17.g5 Ne4 18.c4 e5 19.dxe5 Nxe5 20.cxd5 cxd5 21.Nxe5 Bxe5 22.Bxe5 Rxe5
23.f4 Re7 24.Qd1 Qb6+ 25.e3 Qxb2 26.Qxd5 Qf2+ 27.Kh2 Bf5 28.Qd1 Rc8 29.Re2 Qh4
30.Qe1 Qxe1 31.Raxe1 b5 32.Bxe4 Bxe4 33.Ng3 Bd3 34.Rd2 Rc3 35.e4 h4 36.Ne2 Ra3
37.Nc1 Bc4 38.Kg2 a4 39.Rc2 Rg3+ 40.Kh2 Rf3 41.f5 gxf5 42.e5 f4 43.Re4 Be6
44.Rb2 Rxh3+ 45.Kg1 Bd5  0-1

[Event "BIH-chT"]
[Site "Bihac"]
[Date "1999.08.28"]
[Round "8"]
[White "Sokolov, Ivan"]
[Black "Mestrovic, Zvonimir"]
[Result "1/2-1/2"]
[WhiteElo "2656"]
[BlackElo "2466"]

1.d4 Nc6 2.Nf3 d6 3.e4 Nf6 4.Nc3 Bg4 5.Be3 d5 6.h3 Bxf3 7.Qxf3 e6 8.e5 Nd7
9.a3 Ne7 10.g4 c5 11.dxc5 Nc6 12.O-O-O Bxc5 13.Bxc5 Nxc5 14.Qe3 Qe7 15.Nb5 O-O
16.f4 a6 17.Nd4 Nxd4 18.Rxd4 Rac8 19.Kb1 b5 20.f5 Qc7 21.Bd3 Nxd3 22.cxd3 Qc2+
23.Ka1 Rc3 24.f6 Rxa3+ 25.bxa3 Qc3+ 26.Ka2 Qc2+  1/2-1/2

[Event "Eu Team Ch"]
[Site "Batumi GEO"]
[Date "1999.11.30"]
[Round "2"]
[White "Piket,Je"]
[Black "Sokolov,I"]
[Result "1/2-1/2"]
[WhiteElo "2635"]
[BlackElo "2656"]

1.d4 Nf6 2.c4 g6 3.Nc3 d5 4.Nf3 Bg7 5.Qb3 dxc4 6.Qxc4 O-O 7.e4 a6 8.Be2 b5
9.Qb3 c5 10.dxc5 Bb7 11.O-O Nxe4 12.Nxe4 Bxe4 13.Bg5 Nc6 14.Qe3 Qd5 15.Rad1 Qf5
16.Bh6 Bxh6 17.Qxh6 f6 18.Nd4 Nxd4 19.Rxd4 Rfd8 20.Qd2 Rxd4 21.Qxd4 Bc6 22.Bg4 Qd5
23.Qxd5+ Bxd5 24.Rd1 e6 25.Bf3 Bxf3 26.gxf3 a5 27.a3 a4 28.c6 Kf8  1/2-1/2

[Event "Eu Team Ch"]
[Site "Batumi GEO"]
[Date "1999.12.06"]
[Round "7"]
[White "Sokolov,I"]
[Black "Agrest,E"]
[Result "1/2-1/2"]
[WhiteElo "2656"]
[BlackElo "2554"]

1.d4 d6 2.Bg5 h6 3.Bh4 Nd7 4.e3 c5 5.Nc3 Ngf6 6.Nf3 a6 7.a4 e6 8.d5 e5 9.Nd2 Be7
10.Bg3 b6 11.Bd3 O-O 12.e4 g6 13.f3 Nh5 14.Bf2 Nf4 15.Bf1 f5 16.g3 Nh5 17.Bd3 Ndf6
18.Qe2 Rf7 19.Be3 Bf8 20.Rg1 Kh8 21.b3 Nh7 22.Nc4 Bg7 23.Bd2 Rb8 24.a5 b5
25.Nb6 N7f6 26.Nxc8 Qxc8 27.Nd1 Qd7 28.Ne3 f4 29.Nf1 fxg3 30.hxg3 Rbf8 31.c3 Nh7
32.Nh2  1/2-1/2

[Event "NED-chT"]
[Site "Amsterdam NED"]
[Date "2000.02.05"]
[Round "1"]
[White "Sokolov,I"]
[Black "De Graaff,R"]
[Result "1-0"]
[WhiteElo "2637"]
[BlackElo "2269"]

1.d4 d5 2.c4 c6 3.Nf3 Nf6 4.Nc3 e6 5.Bg5 Nbd7 6.cxd5 exd5 7.e3 Be7 8.Qc2 O-O
9.Bd3 Re8 10.h3 Ne4 11.Bxe4 dxe4 12.Nxe4 Qa5+ 13.Kf1 Qf5 14.Bxe7 Rxe7 15.Nfd2 Nf6
16.Rc1 Nd5 17.Kg1 Be6 18.a3 Qg6 19.Nc3 f5 20.Nf3 Nxc3 21.Ne5 Qf6 22.bxc3 c5
23.Kh2 Rc8 24.Qb2 Bd5 25.c4 Be4 26.f3 Bc6 27.f4 Be4 28.Rhd1 cxd4 29.Rxd4 Rec7
30.Rcd1 h6 31.Rd6 Qf8 32.a4 Kh7 33.Qf2 Rxc4 34.Nxc4 Rxc4 35.Qg3 Rc8 36.Qg6+ Kh8
37.a5 a6 38.Rd7 Qg8 39.R1d6  1-0